000
00308 a2200145 4500
001
167432
020
_a
040
_c
Magnum
100
_a
Fernandez Enguita, Mariano
240
1
0
_a
A face oculta da escola
_l
por
245
1
0
_a
A face oculta da escola
362
0
_a
1899
697
_a
ENSINO
942
_c
BK
999
_c
167432
_d
167432